The Malayan Law Journal (2013) (Record no. 4269)

000 -LEADER
fixed length control field nam a22 a 4500
003 - CONTROL NUMBER IDENTIFIER
control field AKMAL
005 - DATE AND TIME OF LATEST TRANSACTION
control field 20170526110212.0
008 - FIXED-LENGTH DATA ELEMENTS--GENERAL INFORMATION
fixed length control field 170526s2013 my e 000 0 eng d
020 ## - INTERNATIONAL STANDARD BOOK NUMBER
International Standard Book Number 9789679629064
Qualifying information hardback
Terms of availability RM 2,970.00
040 ## - CATALOGING SOURCE
Original cataloging agency AKMAL
082 04 - DEWEY DECIMAL CLASSIFICATION NUMBER
Classification number 340.09595 MAL
Edition number 23
090 00 - LOCALLY ASSIGNED LC-TYPE CALL NUMBER (OCLC); LOCAL CALL NUMBER (RLIN)
Classification number (OCLC) (R) ; Classification number, CALL (RLIN) (NR) 340.09595
Local cutter number (OCLC) ; Book number/undivided call number, CALL (RLIN) MAL
245 04 - TITLE STATEMENT
Title The Malayan Law Journal (2013)
260 ## - PUBLICATION, DISTRIBUTION, ETC.
Place of publication, distribution, etc. Petaling Jaya :
Name of publisher, distributor, etc. LexisNexis Malaysia Sdn Bhd (formerly known as Malayan Law Journal Sdn Bhd,
Date of publication, distribution, etc. 2013.
300 ## - PHYSICAL DESCRIPTION
Extent 10 volumes
Dimensions 25 cm
599 ## - LOCAL NOTE
Local Note DALAM PROSES
650 10 - SUBJECT ADDED ENTRY--TOPICAL TERM
Topical term or geographic name entry element Law
Geographic subdivision Malaysia
9 (RLIN) 450
650 20 - SUBJECT ADDED ENTRY--TOPICAL TERM
Topical term or geographic name entry element Law reports, digests, etc.
Geographic subdivision Malaysia
9 (RLIN) 8334
650 20 - SUBJECT ADDED ENTRY--TOPICAL TERM
Topical term or geographic name entry element Law reports, digests, etc.
Geographic subdivision Singapore
9 (RLIN) 8335
942 ## - ADDED ENTRY ELEMENTS (KOHA)
Source of classification or shelving scheme
Koha item type Book
950 ## - LOCAL HOLDINGS (RLIN)
Permanent shelving location, LOC (RLIN) AKMAL
Holdings
Withdrawn status Lost status Source of classification or shelving scheme Damaged status Not for loan Collection code Home library Current library Shelving location Date acquired Inventory number Total Checkouts Full call number Barcode Date last seen Price effective from Koha item type
          NON-FICTION AKMAL Melaka AKMAL Melaka RUJUKAN 26.05.2017 306346 (Volume 1)   340.09595 MAL 201706019 26.05.2017 26.05.2017 Book
          NON-FICTION AKMAL Melaka AKMAL Melaka RUJUKAN 26.05.2017 306347 (Volume 2)   340.09595 MAL 201706020 26.05.2017 26.05.2017 Book
          NON-FICTION AKMAL Melaka AKMAL Melaka RUJUKAN 26.05.2017 306348 (Volume 3)   340.09595 MAL 201706021 26.05.2017 26.05.2017 Book
          NON-FICTION AKMAL Melaka AKMAL Melaka RUJUKAN 26.05.2017 306349 (Volume 4)   340.09595 MAL 201706022 26.05.2017 26.05.2017 Book
          NON-FICTION AKMAL Melaka AKMAL Melaka RUJUKAN 26.05.2017 306350 (Volume 5)   340.09595 MAL 201706023 26.05.2017 26.05.2017 Book
          NON-FICTION AKMAL Melaka AKMAL Melaka RUJUKAN 26.05.2017 306351 (Volume 6)   340.09595 MAL 201706024 26.05.2017 26.05.2017 Book
          NON-FICTION AKMAL Melaka AKMAL Melaka RUJUKAN 26.05.2017 306352 (Volume 7)   340.09595 MAL 201706025 26.05.2017 26.05.2017 Book
          NON-FICTION AKMAL Melaka AKMAL Melaka RUJUKAN 26.05.2017 306353 (Volume 8)   340.09595 MAL 201706026 26.05.2017 26.05.2017 Book
          NON-FICTION AKMAL Melaka AKMAL Melaka RUJUKAN 26.05.2017 306354 (Volume 9)   340.09595 MAL 201706027 26.05.2017 26.05.2017 Book
          NON-FICTION AKMAL Melaka AKMAL Melaka RUJUKAN 26.05.2017 306355 (Volume 10)   340.09595 MAL 201706028 26.05.2017 26.05.2017 Book
Pusat Sumber Maklumat Dato' Haji Sarmin Md Hussin, Akademi Kastam Diraja Malaysia, Melaka
Tel: 06-2331106 | Faks: 06-2313787